<?xml version="1.0" encoding="UTF-8"?>
<marc:record xmlns:marc="http://www.loc.gov/MARC21/slim">
   <marc:leader>00000nam a2200000 a 4500</marc:leader>
   <marc:datafield ind1="1" ind2=" " tag="100">
      <marc:subfield code="a">Riepenhof, Helge</marc:subfield>
      <marc:subfield code="4">aut</marc:subfield>
      <marc:subfield code="e">Verfasser/-in</marc:subfield>
   </marc:datafield>
   <marc:datafield ind1="1" ind2=" " tag="100">
      <marc:subfield code="a">Stromberg, Holger</marc:subfield>
      <marc:subfield code="4">aut</marc:subfield>
      <marc:subfield code="e">Verfasser/-in</marc:subfield>
   </marc:datafield>
   <marc:datafield ind1=" " ind2=" " tag="653">
      <marc:subfield code="a">Kochbuch</marc:subfield>
   </marc:datafield>
   <marc:datafield ind1=" " ind2=" " tag="653">
      <marc:subfield code="a">Ratgeber</marc:subfield>
   </marc:datafield>
   <marc:datafield ind1=" " ind2=" " tag="653">
      <marc:subfield code="a">Übungssammlung</marc:subfield>
   </marc:datafield>
   <marc:datafield ind1="0" ind2="0" tag="245">
      <marc:subfield code="a">Stark gegen Schmerzen</marc:subfield>
   </marc:datafield>
   <marc:datafield ind1="0" ind2="0" tag="245">
      <marc:subfield code="b">die besten Rezepte und Übungen gegen Arthrose und Gelenkschmerzen</marc:subfield>
   </marc:datafield>
   <marc:datafield ind1="0" ind2="0" tag="245">
      <marc:subfield code="c">Riepenhof, Helge</marc:subfield>
   </marc:datafield>
   <marc:datafield ind1=" " ind2="1" tag="264">
      <marc:subfield code="a">München</marc:subfield>
      <marc:subfield code="b">ZS</marc:subfield>
      <marc:subfield code="c">2021</marc:subfield>
   </marc:datafield>
   <marc:datafield ind1=" " ind2=" " tag="250">
      <marc:subfield code="a">1. Auflage</marc:subfield>
   </marc:datafield>
   <marc:datafield ind1="1" ind2=" " tag="520">
      <marc:subfield code="a">Angaben aus der Verlagsmeldung &#xD;
&#xD;
 Stark gegen Schmerzen  : Die besten Rezepte und Übungen gegen Arthrose und Gelenkschmerzen  / von Helge Riepenhof, Holger Stromberg&#xD;
&#xD;
Über 5 Millionen Menschen in Deutschland leiden unter Arthrose. Doch jeder kann selbst viel dafür tun, um Schmerzen zu lindern oder gar zu besiegen. Der bekannte TV-Bewegungs-Doc Dr. Helge Riepenhof und Spitzenkoch Holger Stromberg wollen mit ihrem ganzheitlichen Anti-Schmerz-Programm Arthrose-Patienten den Weg in ein schmerzfreies Leben weisen. Wie das funktioniert? Mit gezielter Bewegung und der richtigen Ernährung. Die beiden Autoren ergänzen sich perfekt in ihrem Expertenwissen: Gesund-Koch Holger Stromberg erklärt, warum die Ernährung großen Einfluss auf die Gelenke hat, und verrät Dos und Dont’s beim gelenke-gesunden Kochen. Manche Lebensmittel sind wahre Wunderwaffen: Sie können Entzündungen stoppen, das Gewebe entsäuern und den Knorpelaufbau unterstützen. Stromberg hat über 50 pflanzenbasierte Rezepte kreiert, die leicht nachzukochen sind und unwiderstehlich gut schmecken. Von Spitzen-Orthopäde Helge Riepenhof stammt ein maßgeschneidertes Übungsprogramm für alle großen Gelenke, das wenig Aufwand erfordert, aber supereffektiv ist. So kann ein schmerzfreies Leben gelingen – ganz ohne OP und Tabletten.</marc:subfield>
   </marc:datafield>
   <marc:datafield ind1=" " ind2=" " tag="020">
      <marc:subfield code="a">9783965840942</marc:subfield>
      <marc:subfield code="9">9783965840942</marc:subfield>
   </marc:datafield>
   <marc:datafield ind1=" " ind2=" " tag="020">
      <marc:subfield code="a">3965840940</marc:subfield>
      <marc:subfield code="9">3965840940</marc:subfield>
   </marc:datafield>
   <marc:datafield ind1=" " ind2=" " tag="041">
      <marc:subfield code="a">ger</marc:subfield>
   </marc:datafield>
   <marc:datafield ind1=" " ind2=" " tag="300">
      <marc:subfield code="b">Illustrationen</marc:subfield>
   </marc:datafield>
   <marc:datafield ind1=" " ind2=" " tag="338">
      <marc:subfield code="a">Band</marc:subfield>
   </marc:datafield>
   <marc:datafield ind1=" " ind2=" " tag="300">
      <marc:subfield code="a">183 Seiten</marc:subfield>
   </marc:datafield>
</marc:record>
